Łacina w dyplomacji islamskiej: Imperium Osmańskie
| Titel: | Łacina w dyplomacji islamskiej: Imperium Osmańskie |
|---|---|
| Verfasser: | |
| In: |
Łacina jako je̜zyk elit, (2004), Seite 395-398 alle Artikel anzeigen |
| Veröffentlicht: | 2004 |
| Format: | Aufsatz |
| Sprache: | Polnisch |
X
alg: 39395412
001A $01999:12-11-16
001B $01999:29-05-21 $t17:39:21.000
001D $01999:12-11-16
001U $0utf8
001X $00
002@ $0Aox
003@ $0393954129
007A $0393954129 $aHEB
007T $0Herdk64858
010@ $apol
011@ $a2004
021A $aŁacina w dyplomacji islamskiej: Imperium Osmańskie
028A $#Kołodziejczyk, Dariusz Włodzimierz $7103659471 $8Kołodziejczyk, Dariusz$Z1962- [Tp3] $9139038795
031A $h395-398 $j2004
039B $aIn $8--Aau--. Łacina jako je̜zyk elit. - Warszawa : DiG {[u.a.], 2004. - 516 S.. - ISBN 83-7181-321-X $x200400000000000605 $9126525862
045F $a417.709438 $eDDC23BSB
045F/01 $a417.7
045F/03 $g438
lok: 39395412 78
exp: 39395412 78 1 #EPN
201B/01 $018-11-16 $t10:12:31.000
201U/01 $0utf8
203@/01 $0790064642
208@/01 $a12-11-16 $be
209A/01 $a/ $f000 $x00
220C/01 $aTitelaufnehmer: pbb
220C/01 $aHerkunft: IH PAN/PBB Kraków
244Z/01 $2Trx $#Poola $#Lenkija $#Polija $#Polen Land $#Poland $#Lengyelország $#Poľsko $#Polsko $8--Trx--Polska$gkraj $x01 $9391345966
244Z/01 $2Trx $#Imperium Osmańskie $#Osmanská říše $8--Trx--Reich$gOsmanisches $x02 $9391195158
244Z/01 $aGeschichte 1400-1800 $x03
244Z/01 $2Trx $#suhted, Osmani-Poola $#santykiai, Lenkijos ir Otomanų imperijos $#relations, Ottoman-Polish $#kapcsolatok, lengyel-oszmán $#stosunki osmańsko-polskie $#vzťahy osmansko-poľské $#vztahy osmansko-polské $8--Trx--Beziehungen, osmanisch-polnische $x04 $9391377027
244Z/01 $2Trx $#keel, ladina $#kalba, lotynų $#Language, Latin $#nyelv, latin $#język łaciński $#jazyk latinský $#jazyk latinský $8--Trx--Sprache, lateinische $x05 $9391367110
244Z/01 $2Trx $8--Trx--Einzelbeiträge $x06 $9391384570
245Z/01 $a11.07 $x01
247C/01 $82080>Marburg/Lahn, Herder-Institut, Forschungsbibliothek, Bibliographieportal $9336309341
| LEADER | 00000caa a22000002c 4500 | ||
|---|---|---|---|
| 001 | 393954129 | ||
| 003 | DE-603 | ||
| 005 | 20210529173921.0 | ||
| 007 | tu | ||
| 008 | 161112s2004 xx |||| | u00||u|pol c | ||
| 035 | |a (DE-599)HEB393954129 | ||
| 040 | |a DE-603 |b ger |c DE-603 |d DE-603 | ||
| 041 | |a pol | ||
| 082 | 0 | 4 | |8 1\u |a 417.709438 |q DE-101 |2 23/BSB |
| 085 | |8 1\u |b 417.7 | ||
| 085 | |8 1\u |z 2 |s 438 | ||
| 100 | 1 | |a Kołodziejczyk, Dariusz |d 1962- |0 (DE-603)139038795 |0 (DE-588)103659471 |2 gnd | |
| 245 | 0 | 0 | |a Łacina w dyplomacji islamskiej: Imperium Osmańskie |
| 264 | 0 | |c 2004 | |
| 773 | 0 | 8 | |i In |t Łacina jako je̜zyk elit |d Warszawa : DiG [u.a.], 2004 |h 516 S. |z 837181321X |g (2004), Seite 395-398 |w (DE-603)126525862 |
| 924 | 0 | |9 2080 |a (DE-603)790064642 |b DE-2080 |c HES |d d |g / | |


